Information practices (Record no. 7012)

MARC details
000 -LEADER
fixed length control field 00217nam a22000857a 4500
008 - FIXED-LENGTH DATA ELEMENTS--GENERAL INFORMATION
fixed length control field 170622b xxu||||| |||| 00| 0 eng d
020 ## - INTERNATIONAL STANDARD BOOK NUMBER
International Standard Book Number 9788177000313
100 ## - MAIN ENTRY--PERSONAL NAME
9 (RLIN) 3622
Personal name Arora. S
245 ## - TITLE STATEMENT
Title Information practices
260 ## - PUBLICATION, DISTRIBUTION, ETC. (IMPRINT)
Place of publication, distribution, etc. New delhi
Name of publisher, distributor, etc. Dhanapat
Date of publication, distribution, etc. 2010
Holdings
Withdrawn status Lost status Source of classification or shelving scheme Damaged status Koha normalized classification for sorting Not for loan Home library Current library Shelving location Date acquired Total Checkouts Full call number Barcode Date last seen Price effective from Koha item type
    Dewey Decimal Classification   ARO_005_130000000000000_A7   Good Samaritan School Library Good Samaritan School Library Computer Science 06/22/2017   ARO005.13 A-7 ARO7690 06/22/2017 06/22/2017 BOOK

Powered by Koha